000
00296nam a2200097Ia 4500
082
_a
J 333.703 ILLU
245
0
_a
Illustrated encyclopedia of environment and geography
100
_a
Berry, Edward Malaysia, [c.2004]
_9
99740
942
_c
BK
008
210817s9999 xx 000 0 und d
999
_c
424476
_d
424475